Concurs per a la millora de l'espècie cavallina / Generalitat de Catalunya. Serveis de Ramaderia
Descripción Física:
[4] p. ; 29 cm
Materias:
Cavalls -- Concursos
MARC
| LEADER | 00000nam a2200000Ia 4500 | ||
|---|---|---|---|
| 001 | 20598 | ||
| 008 | 160829s1932 xx 000 0 cat d | ||
| 080 | |a Q-446, exp. 15 | ||
| 100 | |a Catalunya. Serveis de Ramaderia |9 48090 | ||
| 245 | |a Concurs per a la millora de l'espècie cavallina / Generalitat de Catalunya. Serveis de Ramaderia | ||
| 260 | |a Barcelona : |b Nagsa, |c 1932 | ||
| 300 | |a [4] p. ; |c 29 cm | ||
| 590 | |a Amb la col·laboració de la Cambra Agrícola Provincial de Girona | ||
| 650 | |a Cavalls |x Concursos |9 48091 | ||
| 901 | |a Arxiu | ||
| 942 | |n 1 | ||
| 952 | |0 0 |1 0 |4 0 |6 Q446_EXP_15 |7 1 |9 54319 |a Arxiu |b Arxiu |d 2016-12-01 |l 0 |o Q-446, exp. 15 |p 20598 |r 2016-12-01 00:00:00 |w 2016-12-01 |y ARXIU | ||
| 999 | |c 58188 |d 58188 | ||